| 000 | 01660nam a2200313 4500 | ||
|---|---|---|---|
| 001 | 0000019330 | ||
| 003 | CO-CtgCURN | ||
| 005 | 20250331184734.0 | ||
| 007 | ta | ||
| 008 | 160627s2001 000 0 eng d | ||
| 020 | _a9701032829 | ||
| 040 |
_aCO-CtgCURN _bspa _ccoctgcurn |
||
| 082 | 0 |
_a530 _bJ65f |
|
| 100 | 1 | _aJones, Edwin. | |
| 245 | 1 | 0 |
_aFisica contemporanea / _cEdwin Jones y Richard Childers. |
| 250 | _a3a ed. | ||
| 260 |
_aMexico : _bMcGraw Hill, _c2001. |
||
| 300 | _axx, 1025 p. | ||
| 336 | _2rdacontent | ||
| 337 |
_2rdamedia _asin mediacion _bn |
||
| 338 |
_2rdacarrier _avolumen _bnc |
||
| 500 | _aIncluye apendice: A. Formulas de algebra, geometria y trigonometria A-1.--B. El sistema Internacional de Unidades A-4.--C. Lista alfabetica de los elementos A-5.--Respuestas a los problemas impares A-69\Anexo\Titulo original: Contemporary college physics. | ||
| 505 | 8 | _aMedicion, modelos y análisis.--Movimiento en una dimension.--Movimiento en dos dimensiones.--Fuerza y movimiento.--Movimiento circular uniforme y gravitacion.--Trabajo y energia.--Momentum lineal.--Aplicacion de las leyes de conservacion.--Movimiento periodico.--Corrientes y resistencias electricas.--Magnetismo.--Inducción electromagnetica.--Circuitos de corriente alterna.--optica geometrica.--Instrumentos opticos.--Origenes de la teoria cuantica.--Mecanica cuantica.--El nucleo.--Laseres, holografia y color.--Materia condensada.--Fisica de particulas elementales | |
| 650 | 1 | 4 | _aFisica. |
| 700 | 1 | _aChilders, Richard. | |
| 908 | _a160627 | ||
| 942 |
_cBK _h530 _iJ65f _2ddc |
||
| 999 |
_c20941 _d20941 |
||